| 000 | 00395nam a2200097Ia 4500 | ||
|---|---|---|---|
| 008 | 180130s9999 xx 000 0 und d | ||
| 245 |
_cRedding, Gordon; Wong, Gilbert Y.Y; Leung, William K.W. _aHong Kong: hybrid capitalism as catalyst |
||
| 260 | _c2014 | ||
| 300 | _aBook title: The Oxford handbook of Asian business systems--Acession number C19643; pages 33-54 | ||
| 650 | _aBUSINESS SYSTEMS--ASIA | ||
| 999 |
_c354410 _d354410 |
||